नक्षत्र लोक / (Record no. 62186)

MARC details
000 -LEADER
fixed length control field 03089nam a22003257a 4500
005 - DATE AND TIME OF LATEST TRANSACTION
control field 20120207150421.0
010 ## - LCCN (DPL NO)
LC control number B-477891-899
020 ## - INTERNATIONAL STANDARD BOOK NUMBER
International Standard Book Number 9788126706983
Terms of availability 150.00
035 ## - SYSTEM CONTROL NUMBER
System control number B-477891-899
037 ## - SOURCE OF ACQUISITION
Source of stock number/acquisition के.के. पब्लिकेशंस
082 ## - DEWEY DECIMAL CLASSIFICATION NUMBER
Classification number 520
100 ## - MAIN ENTRY--PERSONAL NAME
Personal name मुऴे, गुणाकर
245 ## - TITLE STATEMENT
Title नक्षत्र लोक /
Statement of responsibility, etc गुणाकर मुऴे
260 ## - PUBLICATION, DISTRIBUTION, ETC. (IMPRINT)
Place of publication, distribution, etc नई दिल्ली
Name of publisher, distributor, etc राजकमल प्रकाशन
Date of publication, distribution, etc 2010
270 ## - ADDRESS
Address 1-बी, नेताजी सुभाष मार्ग
City नई दिल्ली
Postal code 110002
300 ## - PHYSICAL DESCRIPTION
Extent 101पृ.
Dimensions 22सेमी (सजिल्द)
Other physical details सचित्र
700 ## - ADDED ENTRY--PERSONAL NAME
9 (RLIN) 41026
942 ## - ADDED ENTRY ELEMENTS (KOHA)
Source of classification or shelving scheme Dewey Decimal Classification
Item type Hindi Books
Call number suffix मुऴेगु
Classification part 520
Holdings
Withdrawn status Lost status Not for loan Home library Current library Date acquired Cost, normal purchase price Full call number Cost, replacement price Koha item type Collection code Source of acquisition Barcode Copy number
    Ordered Andrews Gunj Andrews Gunj 07/02/2012 150.00 मुऴेगु 150.00 Hindi Books        
      Bawana Bawana 13/07/2012 150.00 520 मुऴेगु 150.00 Hindi Books Non-fiction के.के. पब्लिकेशंस/1884/24.03.12/35/20.03.12/29.03.12 B-477894 1
  Written-off vide DLB M. No. 383 dt 16.05.19   Bawana Bawana 13/07/2012 150.00 520 मुऴेगु 150.00 Hindi Books Non-fiction के.के. पब्लिकेशंस/1884/24.03.12/35/20.03.12/29.03.12 B-477897 1
      Central Library Central Library 13/07/2012 150.00 520 मुऴेगु 150.00 Hindi Books Non-fiction के.के. पब्लिकेशंस/1884/24.03.12/35/20.03.12/29.03.12 B-477891 1
      Mobile Library Mobile Library 13/07/2012 150.00 520 मुऴेगु 150.00 Hindi Books Non-fiction के.के. पब्लिकेशंस/1884/24.03.12/35/20.03.12/29.03.12 B-477892 2
      Mobile Library Mobile Library 13/07/2012 150.00 520 मुऴेगु 150.00 Hindi Books Non-fiction के.के. पब्लिकेशंस/1884/24.03.12/35/20.03.12/29.03.12 B-477893 2
      Narela Narela 13/07/2012 150.00 520 मुऴेगु 150.00 Hindi Books Non-fiction के.के. पब्लिकेशंस/1884/24.03.12/35/20.03.12/29.03.12 B-477896 1
      New Rohtak Road New Rohtak Road 13/07/2012 150.00 520 मुऴेगु 150.00 Hindi Books Non-fiction के.के. पब्लिकेशंस/1884/24.03.12/35/20.03.12/29.03.12 B-477895 1
      R.C.Libraries (BL-IV) R.C.Libraries (BL-IV) 13/07/2012 150.00 520 मुऴेगु 150.00 Hindi Books Non-fiction के.के. पब्लिकेशंस/1884/24.03.12/35/20.03.12/29.03.12 B-477898 1
      Yojana Vihar Yojana Vihar 13/07/2012 150.00 520 मुऴेगु 150.00 Hindi Books Non-fiction के.के. पब्लिकेशंस/1884/24.03.12/35/20.03.12/29.03.12 B-477899 1

© Delhi Public Library
Hit Counter
free hit counter